[Event "Villa Guardia D Oro Cup 31st"]
[Site "Villa Guardia"]
[Date "2013.11.03"]
[Round "6"]
[White "Poletto, Daniele"]
[Black "Veri, Giustino"]
[Result "1/2-1/2"]
[WhiteElo "1745"]
[BlackElo "1713"]
[PlyCount "31"]
[EventDate "2013.11.01"]
[EventType "swiss"]
[EventRounds "6"]
[EventCountry "ITA"]
[SourceTitle "EXT 2015"]
[Source "ChessBase"]
[SourceDate "2014.11.20"]
[SourceVersion "1"]
[SourceVersionDate "2014.11.20"]
[SourceQuality "1"]

1. c4 c5 2. Nc3 e6 3. e4 d6 4. g3 Nc6 5. Bg2 Nf6 6. d3 Be7 7. Nge2 Qc7 8. 0-0 0-0 9. h3 b6 10. Be3 Bb7 11. a3 a6 12. Rb1 Rfd8 13. f4 Rd7 14. b4 Na7 15. Qb3 Rad8 16. Kh2 1/2-1/2

[Event "Villa Guardia D Oro Cup 31st"]
[Site "Villa Guardia"]
[Date "2013.11.02"]
[Round "3"]
[White "Veri, Giustino"]
[Black "Marcantognini, Denis"]
[Result "1-0"]
[WhiteElo "1713"]
[BlackElo "1455"]
[PlyCount "95"]
[EventDate "2013.11.01"]
[EventType "swiss"]
[EventRounds "6"]
[EventCountry "ITA"]
[SourceTitle "EXT 2015"]
[Source "ChessBase"]
[SourceDate "2014.11.20"]
[SourceVersion "1"]
[SourceVersionDate "2014.11.20"]
[SourceQuality "1"]

1. d4 Nf6 2. Nf3 g6 3. g3 Bg7 4. Bg2 0-0 5. 0-0 d5 6. c3 Nbd7 7. Nbd2 c5 8. Re1 Re8 9. a4 a5 10. Nb3 c4 11. Nbd2 Ra6 12. e4 e5 13. exd5 Nxd5 14. Nxc4 e4 15. Ng5 N7f6 16. Nxe4 Nxe4 17. Rxe4 Nf6 18. Bg5 Bf5 19. Rxe8+ Qxe8 20. Bxf6 Bxf6 21. Bxb7 Re6 22. Bd5 Re2 23. Ne5 Rxe5 24. dxe5 Qxe5 25. Bg2 Qb8 26. Qe2 Qb3 27. Qe8+ Kg7 28. Qb5 Qc2 29. Bd5 Be7 30. Re1 Bh3 31. Qe2 Qxe2 32. Rxe2 Kf6 33. Rxe7 Kxe7 34. b4 axb4 35. cxb4 Bd7 36. b5 f6 37. f4 Kd6 38. Bf3 f5 39. Kf2 Kc7 40. Ke3 Kb6 41. Kd4 h6 42. h4 Kc7 43. Kc5 h5 44. b6+ Kb8 45. a5 Bc8 46. Bd5 Bd7 47. a6 g5 48. a7+ 1-0

[Event "Ceriano Laghetto op-B 19th"]
[Site "Ceriano Laghetto"]
[Date "2010.03.??"]
[Round "2"]
[White "Veri, Giustino"]
[Black "Carbone, Lorenzo"]
[Result "1-0"]
[WhiteElo "1646"]
[BlackElo "1743"]
[PlyCount "59"]
[EventDate "2010.03.??"]
[EventType "swiss"]
[EventRounds "5"]
[EventCountry "ITA"]
[SourceTitle "EXT 2024"]
[Source "ChessBase"]
[SourceDate "2023.10.10"]
[SourceVersion "1"]
[SourceVersionDate "2023.10.10"]
[SourceQuality "1"]

1. d4 d5 2. Nf3 e6 3. c4 Nf6 4. Nc3 Be7 5. Bg5 Nbd7 6. e3 0-0 7. cxd5 exd5 8. Bd3 b6 9. 0-0 Bb7 10. Re1 c5 11. Qc2 h6 12. Bh4 a5 13. a4 Re8 14. Bb5 Ba6 15. Bxf6 Bxf6 16. Bxa6 Rxa6 17. Nxd5 Nf8 18. Nxf6+ Qxf6 19. dxc5 bxc5 20. Qxc5 Qxb2 21. Rab1 Qa2 22. Qb5 Ree6 23. Ra1 Qc2 24. Nd4 Qe4 25. Nxe6 Rxe6 26. Qxa5 Rg6 27. g3 Ne6 28. Red1 Ng5 29. Qd5 Nf3+ 30. Kg2 1-0